| 000 | 00476nam a22001577a 4500 | ||
|---|---|---|---|
| 003 | OSt | ||
| 005 | 20260119144405.0 | ||
| 008 | 260119b |||||||| |||| 00| 0 eng d | ||
| 040 | _cMRSPTU | ||
| 041 | _aEnglish | ||
| 100 | _aNancy Goyal. Supervisor: Dr. Paramjeet Singh | ||
| 245 | _aPerformance Optimization of Travelling Salesman Problem Using Swarm Intelligence | ||
| 260 |
_bDepartment of CSE, MRSPTU, Bathinda _c2014 |
||
| 650 | _aComputer Science | ||
| 942 |
_2ddc _cTH _n0 |
||
| 999 |
_c10683 _d10683 |
||